000 00309nam a22001217a 4500
008 180522b xxu||||| |||| 00| 0 eng d
041 _aeng
080 _a043.3
100 _a0
101 _aSHKI-MA
245 _aImplementimi Programor i disa metodave te Interpolimit Polinomial
_cAhmeti, A
942 _2udc
_cBK
999 _c46224
_d46224